Écrire le présent (notice n° 2198451)
[ vue normale ]
| 000 -LEADER | |
|---|---|
| fixed length control field | 01634cam a2200145 4500500 |
| 005 - DATE AND TIME OF LATEST TRANSACTION | |
| control field | 20260405085542.0 |
| 041 ## - LANGUAGE CODE | |
| Language code of text/sound track or separate title | fre |
| 042 ## - AUTHENTICATION CODE | |
| Authentication code | dc |
| 100 10 - MAIN ENTRY--PERSONAL NAME | |
| Personal name | Rubino, Gianfranco |
| Relator term | author |
| 245 00 - TITLE STATEMENT | |
| Title | Écrire le présent |
| 260 ## - PUBLICATION, DISTRIBUTION, ETC. | |
| Name of publisher, distributor, etc. | Armand Colin,<br/> |
| Date of publication, distribution, etc. | 2013.<br/> |
| 520 ## - SUMMARY, ETC. | |
| Summary, etc. | La littérature contemporaine a conquis sa place dans la recherche universitaire. Mais s’intéresser au présent de la littérature ne décide pas de ce que la littérature dit au sujet du présent, ni comment elle traite de l’époque actuelle. De quelle manière les écrivains mettent-ils en forme esthétique un temps naturellement fugace ? Comment affrontent-ils les injonctions de l’actualité et la concurrence de media plus réactifs ? Cet ouvrage entreprend de réfléchir aux genres littéraires du présent : il étudie leurs modes d’intellection de l’immédiat, le traitement narratif du quotidien, interroge la réception littéraire de l’événement, les récits et réflexions que les écrivains élaborent autour d’un présent social en constante mutation. Baudelaire identifiait la modernité à son goût pour « le transitoire, le fugitif, le contingent ». Si le régime d’historicité contemporain est plus « présentiste » que moderne, qu’en est-il de ce présent, visiblement plus hanté par sa mémoire que projeté dans l’avenir ? Et comment la littérature, intempestive par excellence et qui suppose le temps long de l’écriture, peut-elle écrire le présent ? |
| 700 10 - ADDED ENTRY--PERSONAL NAME | |
| Personal name | Viart, Dominique |
| Relator term | author |
| 856 41 - ELECTRONIC LOCATION AND ACCESS | |
| Uniform Resource Identifier | <a href="https://shs.cairn.info/ecrire-le-present--9782200285432?lang=fr&redirect-ssocas=7080">https://shs.cairn.info/ecrire-le-present--9782200285432?lang=fr&redirect-ssocas=7080</a> |
Pas d'exemplaire disponible.




Réseaux sociaux